Vydanie novely štandardu IAS 32 o právach na emitované podiely

Jedným z problémov, s ktorými sa podniky pri účtovaní o finančných nástrojoch stretávajú je prílišná komplexnosť až ťažkopádnosť definícií finančných aktív a finančných záväzkov.

Uložené v:
Podrobná bibliografia
Hlavný autor: Tumpach, Miloš, 1970-
Médium: Kapitola
Jazyk:Slovak
Predmet:
Tagy: Pridať tag
Žiadne tagy, Buďte prvý, kto otaguje tento záznam!

MARC

LEADER 00000nla$a2200000$$$4500
001 0128632
005 20240502072455.8
041 0 |a slo 
044 |a SK 
245 1 0 |a Vydanie novely štandardu IAS 32 o právach na emitované podiely  |c Miloš Tumpach 
520 |a Jedným z problémov, s ktorými sa podniky pri účtovaní o finančných nástrojoch stretávajú je prílišná komplexnosť až ťažkopádnosť definícií finančných aktív a finančných záväzkov. 
610 2 0 |a štandardy účtovné medzinárodné 
610 2 0 |a nástroje finančné 
610 2 0 |a aktíva 
610 2 0 |a záväzky 
610 2 0 |a účtovanie 
100 1 |a Tumpach, Miloš, 1970-